[Event "20th European Teams Women"]
[Site "Reykjavik ISL"]
[Date "2015.11.14"]
[Round "2.9"]
[Board "1"]
[White "Blagojevic, Tijana"]
[Black "Peng, Zhaoqin"]
[Result "0-1"]
[WhiteTitle "WIM"]
[BlackTitle "GM"]
[WhiteElo "2312"]
[BlackElo "2383"]
[WhiteTeam "Montenegro"]
[BlackTeam "Netherlands"]
[WhiteFideId "16500270"]
[BlackFideId "1004786"]
[EventDate "2015.11.13"]

1. e4 e6 2. d4 d5 3. Nd2 a6 4. Ngf3 c5 5. exd5 exd5 6. dxc5 Bxc5 7. Nb3 Bb6 8.
Bd3 Qe7+ 9. Qe2 Nc6 10. Qxe7+ Ngxe7 11. Be3 Bxe3 12. fxe3 f6 13. Nfd4 Ne5 14.
Kd2 O-O 15. Rae1 b6 16. Rhf1 Re8 17. Nf3 Nc4+ 18. Kc1 Ng6 19. Nfd2 Be6 20. Nd4
Bf7 21. Nf5 Nge5 22. Bxc4 dxc4 23. Nf3 Rad8 24. Nxe5 Rxe5 25. Rf4 c3 26. Nd4
Rde8 27. bxc3 Bxa2 28. Kd2 Bd5 29. Nf3 Rh5 30. h4 Be4 31. g4 Ra5 32. Nd4 h6 33.
c4 Rc5 34. Rb1 Rxc4 35. Rxb6 a5 36. c3 Ra4 37. Rb2 Ra1 38. Nb3 Rh1 39. h5 a4 40.
Nc1 Rd8+ 41. Ke2 a3 42. Ra2 Bb1 43. Rd2 Rh2+ 0-1

[Event "20th European Teams Women"]
[Site "Reykjavik ISL"]
[Date "2015.11.14"]
[Round "2.9"]
[Board "2"]
[White "Haast, Anne"]
[Black "Milovic, Aleksandra"]
[Result "1-0"]
[WhiteTitle "WGM"]
[BlackTitle "WIM"]
[WhiteElo "2365"]
[BlackElo "2202"]
[WhiteTeam "Netherlands"]
[BlackTeam "Montenegro"]
[WhiteFideId "1017292"]
[BlackFideId "933988"]
[EventDate "2015.11.13"]

1. e4 d5 2. exd5 Qxd5 3. Nc3 Qd8 4. d4 Nf6 5. Nf3 Bg4 6. h3 Bxf3 7. Qxf3 c6 8.
Ne2 e6 9. g4 Qd5 10. Bg2 Qxf3 11. Bxf3 Na6 12. c3 Bd6 13. O-O Nc7 14. c4 O-O-O
15. a3 Rhe8 16. b4 e5 17. dxe5 Bxe5 18. Rb1 Rd3 19. Kg2 Ne6 20. Re1 h6 21. h4 g5
22. h5 Red8 23. a4 Rd1 24. Be3 Rxb1 25. Rxb1 Nd4 26. Rd1 Nxe2 27. Rxd8+ Kxd8 28.
Bxe2 b6 29. Kf3 Kc7 30. Bd3 Bc3 31. b5 c5 32. Kg3 Be5+ 33. f4 gxf4+ 34. Bxf4 Kd6
35. Kf3 Bxf4 36. Kxf4 Ke6 37. Bf5+ Ke7 38. Ke5 Ne8 39. Kd5 Nd6 40. Bd3 Kd7 41.
g5 hxg5 42. h6 f5 43. h7 Nf7 44. Bxf5+ Ke7 45. Bg6 Nh8 46. Bh5 Kf6 47. Kc6 Ke5
48. Kb7 Kd4 49. Kxa7 Kxc4 50. Kxb6 Kd4 51. a5 1-0

[Event "20th European Teams Women"]
[Site "Reykjavik ISL"]
[Date "2015.11.14"]
[Round "2.9"]
[Board "3"]
[White "Stojanovic, Marija R"]
[Black "Lanchava, Tea"]
[Result "0-1"]
[WhiteTitle "WIM"]
[BlackTitle "IM"]
[WhiteElo "2153"]
[BlackElo "2274"]
[WhiteTeam "Montenegro"]
[BlackTeam "Netherlands"]
[WhiteFideId "931411"]
[BlackFideId "1005308"]
[EventDate "2015.11.13"]

1. e4 d6 2. d4 Nf6 3. Nc3 g6 4. Nf3 Bg7 5. Bc4 O-O 6. Qe2 c6 7. e5 dxe5 8. dxe5
Nd5 9. Bd2 Bg4 10. O-O-O e6 11. h3 Bxf3 12. gxf3 Nd7 13. f4 Qh4 14. Bxd5 cxd5
15. Rdg1 Nb6 16. Nb5 Nc4 17. Rg4 Qe7 18. Bc3 Rfc8 19. h4 h5 20. Rg2 a6 21. Nd4
b5 22. f5 Nxe5 23. fxg6 fxg6 24. Rh3 b4 25. Be1 Rc4 26. c3 Rac8 27. Kb1 Ng4 28.
Rd3 bxc3 29. Bxc3 e5 30. f3 Qxh4 31. Ne6 d4 32. Nxg7 dxc3 33. bxc3 e4 34. Rd1
Rxc3 35. fxg4 Rb8+ 0-1

[Event "20th European Teams Women"]
[Site "Reykjavik ISL"]
[Date "2015.11.14"]
[Round "2.9"]
[Board "4"]
[White "Kazarian, Anna-Maja"]
[Black "Delevic, Nina"]
[Result "1-0"]
[WhiteTitle "WFM"]
[WhiteElo "2255"]
[BlackElo "1776"]
[WhiteTeam "Netherlands"]
[BlackTeam "Montenegro"]
[WhiteFideId "1033689"]
[BlackFideId "939650"]
[EventDate "2015.11.13"]

1. e4 g6 2. d4 Bg7 3. Nf3 d6 4. Bd3 a6 5. Be3 b5 6. a4 b4 7. Nbd2 Bb7 8. c3 bxc3
9. bxc3 Nd7 10. Rb1 Rb8 11. O-O Ngf6 12. h3 O-O 13. Qc2 c5 14. d5 a5 15. Nc4 Qc7
16. Na3 Rfc8 17. Nb5 Qd8 18. c4 Ba6 19. Na7 Rxb1 20. Rxb1 Rb8 21. Nc6 Rxb1+ 22.
Qxb1 Qb6 23. Qe1 Kf8 24. Nxa5 Qb4 25. Qxb4 cxb4 26. Nc6 b3 27. Nb4 Bb7 28. a5
Nc5 29. Bxc5 dxc5 30. a6 Ba8 31. Nc6 Nd7 32. Kf1 b2 33. Ke2 Nb6 34. Nd2 Ke8 35.
f4 Bc3 36. Nb1 Bg7 37. Kd1 h6 38. Kc2 g5 39. g3 e6 40. Na3 Kd7 41. Ne5+ Ke7 42.
Nb5 exd5 43. exd5 gxf4 44. gxf4 f6 45. Nc6+ Bxc6 46. dxc6 f5 47. c7 1-0

[Event "20th European Teams Women"]
[Site "Reykjavik ISL"]
[Date "2015.11.14"]
[Round "2.10"]
[Board "1"]
[White "Goossens, Hanne"]
[Black "Houska, Jovanka"]
[Result "0-1"]
[WhiteTitle "WFM"]
[BlackTitle "IM"]
[WhiteElo "2184"]
[BlackElo "2391"]
[WhiteTeam "Belgium"]
[BlackTeam "England"]
[WhiteFideId "200468"]
[BlackFideId "405094"]
[EventDate "2015.11.13"]

1. e4 c6 2. d4 d5 3. Nc3 dxe4 4. Nxe4 Bf5 5. Ng3 Bg6 6. h4 h6 7. Nf3 Nd7 8. h5
Bh7 9. Bd3 Bxd3 10. Qxd3 e6 11. Bd2 Ngf6 12. O-O-O Bd6 13. Ne4 Bc7 14. Kb1 Nxe4
15. Qxe4 Nf6 16. Qe2 Qd5 17. c4 Qf5+ 18. Ka1 O-O-O 19. Rh4 Rhe8 20. Re1 e5 21.
Nxe5 c5 22. Qf3 Qxf3 23. Nxf3 Rxe1+ 24. Nxe1 Rxd4 25. Rxd4 cxd4 26. f3 Nxh5 27.
Kb1 Nf4 28. Bxf4 Bxf4 29. Kc2 Bg3 30. Nd3 Kd7 31. Nc5+ Kc6 32. Nb3 Be5 33. Kd3
h5 34. a3 g5 35. Nxd4+ Bxd4 36. Kxd4 Kd6 37. b4 f5 38. c5+ Ke6 39. b5 h4 40. c6
bxc6 41. bxc6 g4 42. fxg4 fxg4 43. Ke4 Kd6 44. Kf4 h3 45. gxh3 gxh3 46. Kg3 Kxc6
47. Kxh3 Kb5 48. Kg3 Ka4 49. Kf3 Kxa3 50. Ke3 a5 51. Kd3 Kb2 52. Kc4 a4 0-1

[Event "20th European Teams Women"]
[Site "Reykjavik ISL"]
[Date "2015.11.14"]
[Round "2.10"]
[Board "2"]
[White "Ciuksyte, Dagne"]
[Black "Morozova, Iuliia"]
[Result "1/2-1/2"]
[WhiteTitle "IM"]
[BlackTitle "WFM"]
[WhiteElo "2356"]
[BlackElo "1995"]
[WhiteTeam "England"]
[BlackTeam "Belgium"]
[WhiteFideId "12800619"]
[BlackFideId "14104946"]
[EventDate "2015.11.13"]

1. e4 e6 2. d4 d5 3. Nd2 c5 4. Ngf3 Nf6 5. exd5 exd5 6. dxc5 Bxc5 7. Nb3 Bb6 8.
Be2 O-O 9. O-O Nc6 10. c3 Re8 11. Bg5 h6 12. Bh4 g5 13. Bg3 Ne4 14. Nfd4 Qf6 15.
a4 a5 16. Qd3 Bd7 17. Bh5 Re7 18. Rae1 Rae8 19. f3 Nxg3 20. Rxe7 Qxe7 21. hxg3
Qe3+ 22. Qxe3 Rxe3 23. Kh2 Ne5 24. f4 Ng6 25. fxg5 hxg5 26. Nf5 Bxf5 27. Rxf5
Kg7 28. Rxd5 Bc7 29. Nd2 Rxg3 30. Rd7 Rxc3+ 31. Kg1 Rc1+ 32. Kf2 Bf4 33. Bxg6
Kxg6 34. Nb3 Rc2+ 35. Kf3 Rxb2 36. Rxb7 Ra2 37. Rb6+ f6 38. Nxa5 Rxa4 39. Nc6
Ra3+ 40. Ke4 Re3+ 41. Kd5 Re2 42. g4 Rd2+ 43. Ke4 Re2+ 44. Kd5 Rd2+ 45. Ke4 Re2+
46. Kd5 Rd2+ 1/2-1/2

[Event "20th European Teams Women"]
[Site "Reykjavik ISL"]
[Date "2015.11.14"]
[Round "2.10"]
[Board "3"]
[White "Barbier, Wiebke"]
[Black "Sarakauskiene, Zivile"]
[Result "0-1"]
[BlackTitle "WIM"]
[WhiteElo "1980"]
[BlackElo "2145"]
[WhiteTeam "Belgium"]
[BlackTeam "England"]
[WhiteFideId "207977"]
[BlackFideId "12800864"]
[EventDate "2015.11.13"]

1. e4 c5 2. d3 Nc6 3. f4 g6 4. Nf3 Bg7 5. c3 d6 6. h3 Nf6 7. Be2 O-O 8. O-O c4
9. Nbd2 cxd3 10. Bxd3 b5 11. Kh2 a6 12. Qe1 e5 13. fxe5 Nh5 14. Bc2 Nxe5 15. Nd4
Bb7 16. a4 b4 17. cxb4 Qc7 18. Bd1 d5 19. Kh1 Nd3 20. Qe3 Ng3+ 21. Kg1 Nxf1 22.
Qxd3 Nxd2 23. Bxd2 dxe4 24. Qe3 Rad8 25. Bc3 Qb6 26. Nc2 Qxe3+ 27. Nxe3 Bxc3 28.
bxc3 Rd3 29. Kf2 Rxc3 30. Be2 f5 31. Rd1 f4 32. Ng4 f3 33. gxf3 exf3 34. Bf1 Bc8
35. Ne3 Ra3 36. b5 Ra2+ 37. Kg3 Rxa4 38. b6 Ra3 39. Bc4+ Kh8 40. Kf2 Bb7 41. Rd7
Be4 42. Ng4 Rc3 43. b7 Bxb7 44. Rxb7 Rxc4 45. Rb2 a5 46. Ra2 a4 47. Ne5 Re4 48.
Nxf3 Ref4 49. Ra3 Rxf3+ 50. Rxf3 Rxf3+ 0-1

[Event "20th European Teams Women"]
[Site "Reykjavik ISL"]
[Date "2015.11.14"]
[Round "2.10"]
[Board "4"]
[White "Bhatia, Kanwal K"]
[Black "Barbier, Astrid"]
[Result "1-0"]
[WhiteTitle "WFM"]
[WhiteElo "2072"]
[BlackElo "1819"]
[WhiteTeam "England"]
[BlackTeam "Belgium"]
[WhiteFideId "407496"]
[BlackFideId "200395"]
[EventDate "2015.11.13"]

1. e4 c5 2. c3 g6 3. d4 cxd4 4. cxd4 d5 5. e5 Bg7 6. Nc3 f6 7. f4 Nh6 8. h3 Nc6
9. g4 Be6 10. Nf3 O-O 11. Be2 Rc8 12. Be3 Na5 13. Qd2 Nf7 14. b3 Nc6 15. Rc1 Qd7
16. Na4 b6 17. Rf1 Nb8 18. Nc3 Nd8 19. Nh4 Qb7 20. f5 Bf7 21. e6 Be8 22. Nf3 Bc6
23. h4 a6 24. Bd3 Be8 25. Bh6 b5 26. h5 b4 27. Bxg7 Kxg7 28. h6+ Kh8 29. Na4
Rxc1+ 30. Qxc1 Bxa4 31. bxa4 Rg8 32. g5 Nbc6 33. Qe3 b3 34. axb3 Qxb3 35. gxf6
exf6 36. e7 Qb4+ 37. Kf2 Nxe7 38. Rb1 Qd6 39. a5 gxf5 40. Rb6 Qg3+ 41. Ke2 Qg2+
42. Ke1 Nec6 43. Rxa6 Qg6 44. Kd2 Nb4 45. Ne5 Qg2+ 46. Kc3 Nxa6 47. Nd7 Qg5 48.
Qe7 Qxh6 49. Nxf6 Rf8 50. Nxh7 Qxh7 51. Qxf8+ Qg8 52. Qf6+ Qg7 53. Qxd8+ Kh7 54.
Bxf5+ Kh6 55. Qh4# 1-0

[Event "20th European Teams Women"]
[Site "Reykjavik ISL"]
[Date "2015.11.14"]
[Round "2.11"]
[Board "1"]
[White "Reizniece-Ozola, Dana"]
[Black "Ptacnikova, Lenka"]
[Result "1/2-1/2"]
[WhiteTitle "WGM"]
[BlackTitle "WGM"]
[WhiteElo "2209"]
[BlackElo "2189"]
[WhiteTeam "Latvia"]
[BlackTeam "Iceland"]
[WhiteFideId "11601124"]
[BlackFideId "305650"]
[EventDate "2015.11.13"]

1. c4 e5 2. Nc3 Nf6 3. g3 d5 4. cxd5 Nxd5 5. Bg2 Nb6 6. e3 Nc6 7. Nge2 Be7 8.
O-O O-O 9. f4 f6 10. b3 Bg4 11. h3 Bf5 12. d4 exd4 13. exd4 Qd7 14. g4 Bg6 15.
d5 Bc5+ 16. Kh1 Ne7 17. f5 Bf7 18. Ne4 Bxd5 19. Nf4 Bd6 20. Nxf6+ gxf6 21. Nxd5
Be5 22. Nxe7+ Qxe7 23. Rb1 c6 24. Bf4 Rad8 25. Qe1 Rfe8 26. Bxe5 Qxe5 27. Qh4
Nd5 28. g5 fxg5 29. Qxg5+ Kh8 30. Rf2 Rg8 31. Qh4 Rdf8 32. Qe4 Qxe4 33. Bxe4 Nc3
34. Re1 Re8 35. Rf4 Rgf8 36. Kg2 Nxe4 37. Rexe4 Rxe4 38. Rxe4 Rxf5 39. Re7 Rb5
40. Kf3 a5 41. Kf4 Kg8 42. Rd7 a4 43. bxa4 Rb4+ 44. Kg5 Rxa4 45. Rxb7 Rxa2 46.
Rc7 Rg2+ 47. Kh5 Rg6 48. h4 Kh8 49. Rxh7+ Kxh7 1/2-1/2

[Event "20th European Teams Women"]
[Site "Reykjavik ISL"]
[Date "2015.11.14"]
[Round "2.11"]
[Board "2"]
[White "Kristinardottir, Elsa Maria"]
[Black "Rogule, Laura"]
[Result "0-1"]
[BlackTitle "WGM"]
[WhiteElo "1887"]
[BlackElo "2277"]
[WhiteTeam "Iceland"]
[BlackTeam "Latvia"]
[WhiteFideId "2300370"]
[BlackFideId "11601876"]
[EventDate "2015.11.13"]

1. e4 c5 2. Nf3 Nc6 3. Nc3 e5 4. Bc4 Be7 5. d3 d6 6. h3 h6 7. Be3 Nf6 8. Qd2 Be6
9. Nd5 Bxd5 10. Bxd5 Nxd5 11. exd5 Nd4 12. Bxd4 cxd4 13. c4 dxc3 14. bxc3 O-O
15. O-O Rc8 16. Rab1 Qd7 17. Rb4 Rc5 18. Rfb1 b5 19. c4 bxc4 20. dxc4 Rfc8 21.
Qd3 Bd8 22. Nd2 Bb6 23. R1b2 f5 24. Kf1 R5c7 25. Rb5 e4 26. Qg3 Rf8 27. Qb3 Re8
28. Nb1 f4 29. a4 f3 30. a5 Bd4 31. Rd2 e3 32. fxe3 Bxe3 33. Rd3 fxg2+ 34. Kxg2
Qe7 35. Rxe3 Qxe3 36. Qxe3 Rxe3 37. Rb8+ Kf7 38. Rd8 Rb3 0-1

[Event "20th European Teams Women"]
[Site "Reykjavik ISL"]
[Date "2015.11.14"]
[Round "2.11"]
[Board "3"]
[White "Berzina, Ilze"]
[Black "Thorsteinsdottir, Gudlaug"]
[Result "1-0"]
[WhiteTitle "WGM"]
[BlackTitle "WFM"]
[WhiteElo "2207"]
[BlackElo "2005"]
[WhiteTeam "Latvia"]
[BlackTeam "Iceland"]
[WhiteFideId "11601345"]
[BlackFideId "2300753"]
[EventDate "2015.11.13"]

1. e4 e5 2. Nf3 Nf6 3. Nxe5 d6 4. Nc4 Nxe4 5. Nc3 Nxc3 6. bxc3 g6 7. d4 Bg7 8.
Be2 O-O 9. O-O Nc6 10. Bf3 Bd7 11. Ne3 Rb8 12. a4 b6 13. Nd5 Re8 14. Bf4 a5 15.
Qd2 f6 16. Bh6 Ne7 17. Bxg7 Kxg7 18. Nf4 Nf5 19. Rfe1 Nh4 20. Bd5 c6 21. Rxe8
Qxe8 22. Re1 Qd8 23. Bxc6 Nf5 24. Bb5 Kh8 25. Ne6 Qc8 26. Bxd7 Qxd7 27. Qf4 Re8
28. d5 Qe7 29. Re4 Ng7 30. h3 g5 31. Qd2 f5 32. Re2 Qf6 33. Nxg7 Rxe2 34. Qxe2
Kxg7 35. Qe3 h6 36. Qxb6 Qxc3 37. Qxd6 Qe1+ 38. Kh2 Qxf2 39. Qe5+ Kf7 40. d6 f4
41. d7 f3 42. d8=N+ Kf8 43. Qg3 Qxc2 44. Qxf3+ Ke8 45. Ne6 Ke7 46. Qe3 Kf7 47.
Nd8+ Kf8 48. Qc5+ 1-0

[Event "20th European Teams Women"]
[Site "Reykjavik ISL"]
[Date "2015.11.14"]
[Round "2.11"]
[Board "4"]
[White "Hauksdottir, Hrund"]
[Black "Skinke, Katrina"]
[Result "0-1"]
[BlackTitle "WIM"]
[WhiteElo "1775"]
[BlackElo "2222"]
[WhiteTeam "Iceland"]
[BlackTeam "Latvia"]
[WhiteFideId "2302608"]
[BlackFideId "11602260"]
[EventDate "2015.11.13"]

1. e4 g6 2. d4 Bg7 3. Nc3 d6 4. f4 a6 5. Nf3 b5 6. Bd3 Nd7 7. e5 c5 8. Ng5 Nh6
9. Be4 Rb8 10. e6 Nf6 11. Bc6+ Kf8 12. dxc5 Qc7 13. Bf3 Qxc5 14. Qe2 Nf5 15.
exf7 Nd4 16. Qd3 Bf5 17. Be4 Nxe4 18. Ncxe4 Qxc2 0-1

[Event "20th European Teams Women"]
[Site "Reykjavik ISL"]
[Date "2015.11.14"]
[Round "2.12"]
[Board "1"]
[White "Sahl, Sheila Barth"]
[Black "Havlikova, Kristyna"]
[Result "1-0"]
[WhiteTitle "WIM"]
[BlackTitle "WIM"]
[WhiteElo "2190"]
[BlackElo "2323"]
[WhiteTeam "Norway"]
[BlackTeam "Czech Republic"]
[WhiteFideId "1500953"]
[BlackFideId "309672"]
[EventDate "2015.11.13"]

1. f4 d5 2. Nf3 g6 3. e3 Bg7 4. Be2 Nf6 5. O-O O-O 6. d3 c5 7. a4 Nc6 8. Qe1 Nd7
9. e4 dxe4 10. dxe4 Nd4 11. Bd1 Nb6 12. c3 Nxf3+ 13. Bxf3 Bd7 14. Bd1 Bc6 15.
Bc2 Qd7 16. a5 Nc4 17. Nd2 Nxd2 18. Bxd2 Bb5 19. Rf3 Rad8 20. Be3 b6 21. f5 Qc6
22. Rh3 Qf6 23. Qg3 Rfe8 24. Bf4 gxf5 25. Rh6 1-0

[Event "20th European Teams Women"]
[Site "Reykjavik ISL"]
[Date "2015.11.14"]
[Round "2.12"]
[Board "2"]
[White "Olsarova, Karolina"]
[Black "Koskela, Niina"]
[Result "1-0"]
[WhiteTitle "WIM"]
[BlackTitle "WGM"]
[WhiteElo "2224"]
[BlackElo "2204"]
[WhiteTeam "Czech Republic"]
[BlackTeam "Norway"]
[WhiteFideId "320242"]
[BlackFideId "500755"]
[EventDate "2015.11.13"]

1. e4 e5 2. Nf3 Nc6 3. Bb5 a6 4. Ba4 Nf6 5. O-O Be7 6. Re1 b5 7. Bb3 d6 8. c3
O-O 9. h3 Nb8 10. d4 Nbd7 11. Nbd2 Bb7 12. Bc2 Re8 13. Nf1 Bf8 14. Bg5 h6 15.
Bh4 c5 16. dxe5 Nxe5 17. Nxe5 dxe5 18. Qf3 Qb6 19. Ne3 Nh7 20. Rad1 Bc8 21. Rd2
Qg6 22. Red1 Be6 23. a4 c4 24. Nd5 Ra7 25. Qe3 Rb7 26. Kh1 Qh5 27. Bg3 Rc8 28.
Bh2 Bc5 29. Qg3 Re8 30. f4 exf4 31. Nxf4 Qg5 32. Nxe6 fxe6 33. Qxg5 hxg5 34.
axb5 axb5 35. e5 Nf8 36. Be4 Rc7 37. Rd8 Rc8 38. Rxe8 Rxe8 39. Bg1 Bxg1 40. Kxg1
Rc8 41. Rd6 Kf7 42. Kf2 Ke7 43. Rb6 g4 44. Rxb5 gxh3 45. gxh3 Nd7 46. Ke3 Rh8
47. Kd4 Rxh3 48. Kxc4 g5 49. Bc6 Rh4+ 50. Kd3 Kd8 51. Bxd7 Kxd7 52. Rb7+ Kc6 53.
Rg7 Rh3+ 54. Kc4 Rh4+ 55. Kd3 Rh3+ 56. Kc4 Rh4+ 57. Kb3 Rg4 58. Ra7 Rg2 59. c4
g4 60. Kc3 Rg3+ 61. Kb4 Re3 62. Rg7 g3 63. b3 Kb6 64. Rg6 Rxe5 65. Rxg3 Kc6 66.
Rd3 Re1 67. Rd8 Re5 68. Kc3 Re3+ 69. Rd3 Re1 70. Rh3 Re4 71. Kd3 Rg4 72. b4 Kd6
73. Re3 Rh4 74. Kc3 Rg4 75. b5 e5 76. Rd3+ Ke6 77. Kb4 e4 78. Rd8 Ke5 79. Kc5
Rg7 80. Re8+ Kf4 81. b6 e3 82. Kc6 Rg6+ 83. Kc7 1-0

[Event "20th European Teams Women"]
[Site "Reykjavik ISL"]
[Date "2015.11.14"]
[Round "2.12"]
[Board "4"]
[White "Sikorova, Olga"]
[Black "Reppen, Ellisiv"]
[Result "1-0"]
[WhiteTitle "WGM"]
[WhiteElo "2230"]
[BlackElo "2058"]
[WhiteTeam "Czech Republic"]
[BlackTeam "Norway"]
[WhiteFideId "307033"]
[BlackFideId "1504959"]
[EventDate "2015.11.13"]

1. c4 Nf6 2. g3 g6 3. Bg2 c5 4. Nc3 Bg7 5. d3 O-O 6. e4 d6 7. Nge2 Nc6 8. O-O
Rb8 9. h3 b6 10. f4 Bb7 11. Be3 e5 12. f5 Nd4 13. g4 Ne8 14. Qd2 Nc7 15. Ng3 b5
16. g5 bxc4 17. f6 Bh8 18. dxc4 Bc6 19. b3 Bd7 20. Bxd4 cxd4 21. Nd5 Nxd5 22.
exd5 a5 23. h4 Qb6 24. Qd3 a4 25. Rab1 axb3 26. axb3 Qb4 27. Be4 Rfc8 28. h5 Bh3
29. Rf2 Rc7 30. hxg6 hxg6 31. Bxg6 Kf8 32. Bh7 Qc3 33. Qxc3 dxc3 34. Rh2 Bg4 35.
Bc2 Kg8 36. Ne4 Bf5 37. Nxd6 Bxc2 38. Rxc2 Rb6 39. Nb5 Rc5 40. Ra1 Bxf6 41. gxf6
Rxf6 42. Ra8+ Kh7 43. Rxc3 Rg6+ 44. Kf2 e4 45. Ke3 f5 46. Kd4 1-0

[Event "20th European Teams Women"]
[Site "Reykjavik ISL"]
[Date "2015.11.14"]
[Round "2.13"]
[Board "1"]
[White "Botsari, Anna-Maria"]
[Black "Theissl Pokorna, Regina"]
[Result "1/2-1/2"]
[WhiteTitle "WGM"]
[BlackTitle "WGM"]
[WhiteElo "2324"]
[BlackElo "2355"]
[WhiteTeam "Greece"]
[BlackTeam "Austria"]
[WhiteFideId "4200446"]
[BlackFideId "14902052"]
[EventDate "2015.11.13"]

1. d4 d5 2. c4 e6 3. g3 Nf6 4. Bg2 dxc4 5. Qa4+ c6 6. Qxc4 b5 7. Qc2 Bb7 8. Nf3
Nbd7 9. Ne5 Nxe5 10. dxe5 Nd5 11. O-O Be7 12. Rd1 O-O 13. e4 Nb4 14. Qe2 Qc7 15.
a3 Na6 16. Bf4 Nc5 17. Nd2 Rfd8 18. Nf3 Nb3 19. Rab1 a5 20. h4 a4 21. Bg5 Ba6
22. Rxd8+ Rxd8 23. Rd1 h6 24. Bxe7 Qxe7 25. Rd3 c5 26. Qd1 Rxd3 27. Qxd3 Qb7 28.
Bf1 c4 29. Qd6 Qc8 30. Ne1 Bb7 31. f3 Qc5+ 32. Qxc5 Nxc5 33. Kf2 f6 34. exf6
gxf6 35. Nc2 Kf7 36. Nd4 Ba6 37. Nc6 Bb7 38. Nd4 Ba6 39. Nc6 Bb7 40. Nd4 Ba6 1/2-1/2

[Event "20th European Teams Women"]
[Site "Reykjavik ISL"]
[Date "2015.11.14"]
[Round "2.13"]
[Board "2"]
[White "Newrkla, Katharina"]
[Black "Tsolakidou, Stavroula"]
[Result "1-0"]
[WhiteTitle "WIM"]
[BlackTitle "WIM"]
[WhiteElo "2206"]
[BlackElo "2268"]
[WhiteTeam "Austria"]
[BlackTeam "Greece"]
[WhiteFideId "1621629"]
[BlackFideId "4264312"]
[EventDate "2015.11.13"]

1. e4 c5 2. Nf3 d6 3. d4 cxd4 4. Nxd4 Nf6 5. Nc3 a6 6. f4 Qc7 7. Bd3 g6 8. O-O
Bg7 9. Nf3 Nbd7 10. Qe1 b6 11. e5 dxe5 12. fxe5 Ng4 13. e6 Nde5 14. Nxe5 Bxe5
15. exf7+ Kf8 16. g3 Bd4+ 17. Kg2 Bb7+ 18. Be4 Bxc3 19. bxc3 Nf6 20. Bf4 Qc8 21.
Bxb7 Qxb7+ 22. Kg1 Kxf7 23. Be5 Qc6 24. Bd4 Rhf8 25. Qe5 Rad8 26. Rae1 Rfe8 27.
g4 Rd5 28. Qe3 g5 29. Qe4 Kg8 30. Bxf6 1-0

[Event "20th European Teams Women"]
[Site "Reykjavik ISL"]
[Date "2015.11.14"]
[Round "2.13"]
[Board "3"]
[White "Markantonaki, Haritomeni"]
[Black "Exler, Veronika"]
[Result "0-1"]
[WhiteTitle "WFM"]
[BlackTitle "WFM"]
[WhiteElo "2213"]
[BlackElo "2192"]
[WhiteTeam "Greece"]
[BlackTeam "Austria"]
[WhiteFideId "4207050"]
[BlackFideId "1620550"]
[EventDate "2015.11.13"]

1. e4 e5 2. Nf3 Nc6 3. Bb5 Nf6 4. d3 Bc5 5. O-O Nd4 6. Nxd4 Bxd4 7. c3 Bb6 8.
Na3 c6 9. Ba4 O-O 10. Bg5 h6 11. Bh4 d6 12. Nc4 Bc7 13. Ne3 Be6 14. Bb3 Kh7 15.
Bc2 Rg8 16. d4 g5 17. Bg3 h5 18. h4 Ng4 19. Nf5 Bxf5 20. exf5 Kh8 21. hxg5 Qxg5
22. f4 Qh6 23. Rf3 e4 24. Bxe4 Nf6 25. Bc2 Rg4 26. Qd3 Rag8 27. Kf1 d5 28. Re1
Ne4 29. Bf2 Bxf4 30. Be3 Bxe3 31. Rexe3 Rxg2 32. Ke1 Qg5 33. Rf1 Rxc2 34. Rxe4
Qc1+ 35. Qd1 dxe4 0-1

[Event "20th European Teams Women"]
[Site "Reykjavik ISL"]
[Date "2015.11.14"]
[Round "2.13"]
[Board "4"]
[White "Kopinits, Anna-Christina"]
[Black "Kouvatsou, Maria"]
[Result "1-0"]
[WhiteTitle "WIM"]
[BlackTitle "WGM"]
[WhiteElo "2231"]
[BlackElo "2073"]
[WhiteTeam "Austria"]
[BlackTeam "Greece"]
[WhiteFideId "1614142"]
[BlackFideId "4203593"]
[EventDate "2015.11.13"]

1. Nc3 Nf6 2. d4 d5 3. Bg5 c5 4. e3 Nc6 5. a3 e6 6. Nf3 a6 7. Bd3 Bd6 8. O-O h6
9. Bh4 O-O 10. dxc5 Bxc5 11. e4 Be7 12. exd5 exd5 13. h3 Be6 14. Ne2 Ne4 15.
Bxe7 Qxe7 16. Ned4 Qf6 17. Nxe6 Qxe6 18. Re1 f5 19. Rc1 Rad8 20. c4 Kh8 21. Qc2
Rfe8 22. cxd5 Qxd5 23. Rcd1 Qf7 24. Re3 Nd4 25. Nxd4 Rxd4 26. Rde1 1-0

[Event "20th European Teams Women"]
[Site "Reykjavik ISL"]
[Date "2015.11.14"]
[Round "2.14"]
[Board "2"]
[White "Krivec, Jana"]
[Black "Bengtsson, Jessica"]
[Result "1/2-1/2"]
[WhiteTitle "WGM"]
[WhiteElo "2259"]
[BlackElo "2040"]
[WhiteTeam "Slovenia"]
[BlackTeam "Sweden"]
[WhiteFideId "14601982"]
[BlackFideId "1711083"]
[EventDate "2015.11.13"]

1. e4 c5 2. Nc3 Nc6 3. Bb5 Nd4 4. Nf3 Nxb5 5. Nxb5 a6 6. Nc3 d6 7. d4 cxd4 8.
Qxd4 Nf6 9. e5 dxe5 10. Qxd8+ Kxd8 11. Nxe5 Ke8 12. Na4 Bf5 13. c4 Nd7 14. Nxd7
Bxd7 15. Nb6 Rd8 16. Bf4 Bc6 17. Bc7 Rd4 18. O-O f6 19. b4 e5 20. a3 Bd6 21.
Bxd6 Rxd6 22. c5 Rd4 23. Rad1 Rxd1 24. Rxd1 Ke7 25. Nc4 Rd8 26. Nd6 Ke6 27. f3
f5 28. Re1 Rd7 29. Kf2 g6 30. Re2 Bb5 31. Ra2 Ba4 32. Re2 Bb5 33. Ra2 Ba4 34.
Re2 1/2-1/2

[Event "20th European Teams Women"]
[Site "Reykjavik ISL"]
[Date "2015.11.14"]
[Round "2.14"]
[Board "3"]
[White "Horn, Emilia"]
[Black "Kolaric, Spela"]
[Result "1/2-1/2"]
[WhiteTitle "WFM"]
[BlackTitle "WFM"]
[WhiteElo "1981"]
[BlackElo "2102"]
[WhiteTeam "Sweden"]
[BlackTeam "Slovenia"]
[WhiteFideId "1705385"]
[BlackFideId "14607093"]
[EventDate "2015.11.13"]

1. e4 c5 2. Nf3 e6 3. b3 b6 4. Bb2 Bb7 5. d3 d6 6. Nbd2 Nf6 7. g3 Be7 8. Bg2 O-O
9. O-O Nbd7 10. h3 Rc8 11. a4 a6 12. Qe2 e5 13. Nh2 b5 14. f4 Qb6 15. Kh1 Rc7
16. a5 Qa7 17. c4 Qa8 18. f5 Nb8 19. g4 Ne8 20. Ndf3 f6 21. Bc1 Nc6 22. g5 fxg5
23. Bxg5 Nf6 24. Bxf6 Bxf6 25. Ng4 Qd8 26. Nxf6+ Qxf6 27. Qd2 Rd7 28. Rg1 Kh8
29. Raf1 Re7 30. Rf2 b4 31. Ra1 Bc8 32. Qe3 Rb7 33. Rff1 Qd8 34. Rg1 Ra7 35. Qf2
Qf6 36. Qd2 Qd8 37. Qa2 Qf6 38. Qd2 Qd8 39. Qa2 Qf6 40. Qd2 Qd8 1/2-1/2